000 00695nam a2200289Ia 4500
005 20260324125556.0
008 008 260324s9999 xx 000 0 eng d
020 _a9781315421537
037 _aEBOOK
040 _aCRL
040 _beng
040 _cCRL
041 _2eng
041 _aeng
084 _qCRL
100 _aNorman K Denzin; Michael D Giardina
245 0 _aQualitative Inquiry and Social Justice
245 0 _bToward a Politics of Hope
260 _bTaylor and Francis
260 _c2009
365 _a
365 _b240
856 _uhttp://www.taylorfrancis.com/books/9781315421537
942 _cEBOOK
999 _c1773899
_d1773899